[Event "Rowy Jantar op-C 11th"]
[Site "Rowy"]
[Date "2002.06.14"]
[Round "7"]
[White "Dzionek, Agata"]
[Black "Butsko, Ivan"]
[Result "1-0"]
[WhiteElo "1600"]
[BlackElo "1600"]
[PlyCount "44"]
[EventDate "2002.06.??"]
[EventType "swiss"]
[EventRounds "8"]
[EventCountry "POL"]
[SourceTitle "EXT 2006"]
[Source "ChessBase"]
[SourceDate "2005.11.24"]
[SourceVersion "1"]
[SourceVersionDate "2005.11.24"]
[SourceQuality "1"]

1. e4 c5 2. Nc3 a6 3. f4 e6 4. Nf3 b5 5. d3 Bb7 6. Be3 d5 7. exd5 exd5 8. d4 cxd4 9. Bxd4 Nc6 10. Qe2+ Qe7 11. Qxe7+ Ngxe7 12. Bc5 0-0-0 13. 0-0-0 g6 14. Bxe7 Nxe7 15. Ne5 Rg8 16. Nxf7 Rd7 17. Ne5 Rc7 18. Bd3 Bh6 19. g3 d4 20. Ne4 Nf5 21. Nf6 Bg7 22. Rhe1 h5 1-0